000 00386 a2200145 4500
999 _c6179
_d6179
020 _a9780435420628
050 _aTX 341 BAR 1996
100 _aBarnett, Anne
_eauthor
245 _aExamining food technology /
_cAnne Barnett
264 _aU.K.:
_bHeinmann,
_c1996
300 _a128p.:
_bill.(col.)
500 _aIncludes index
650 _aFood technology
942 _2lcc
_cBK
_h341
_iBAR
_kTX